[Event "DEM U12w 2025"]
[Site "Willingen GER"]
[Date "2025.06.08"]
[Round "1"]
[White "Ebel, Io Cornelia"]
[Black "Kübart, Ela Marie"]
[Result "1/2-1/2"]
[Termination "normal"]
[Board "22"]
[WhiteElo "982"]
[BlackElo "1620"]
[WhiteClock "00:47:09"]
[BlackClock "00:09:22"]
[PlyCount "140"]
[WhiteFideId "533043469"]
[BlackFideId "34633723"]
[EventCountry "GER"]
[EventRounds "9"]
[EventType "swiss"]
[EventDate "2025.06.07"]

1. e4 {[%clk 01:30:58]} {[%emt 00:00:02]} e6 {[%clk 01:30:55]} {[%emt
00:00:06]} 2. d4 {[%clk 01:31:20]} {[%emt 00:00:07]} d5 {[%clk 01:31:21]}
{[%emt 00:00:05]} 3. Nd2 {[%clk 01:31:35]} {[%emt 00:00:14]} dxe4 {[%clk
01:31:41]} {[%emt 00:00:09]} 4. Nxe4 {[%clk 01:31:52]} {[%emt 00:00:13]} Nd7
{[%clk 01:31:56]} {[%emt 00:00:15]} 5. Nf3 {[%clk 01:32:09]} {[%emt 00:00:14]}
Ngf6 {[%clk 01:32:19]} {[%emt 00:00:07]} 6. Nxf6+ {[%clk 01:32:22]} {[%emt
00:00:17]} Nxf6 {[%clk 01:32:42]} {[%emt 00:00:07]} 7. Bg5 {[%clk 01:32:34]}
{[%emt 00:00:19]} c5 {[%clk 01:31:29]} {[%emt 00:01:44]} 8. c3 {[%clk
01:29:10]} {[%emt 00:03:53]} Bd7 {[%clk 01:28:16]} {[%emt 00:03:43]} 9. Bd3
{[%clk 01:27:00]} {[%emt 00:02:38]} Bc6 {[%clk 01:26:28]} {[%emt 00:02:20]} 10.
O-O {[%clk 01:22:32]} {[%emt 00:04:57]} Bd6 {[%clk 01:24:13]} {[%emt 00:02:45]}
11. Ne5 {[%clk 01:15:22]} {[%emt 00:07:40]} cxd4 {[%clk 01:13:21]} {[%emt
00:11:23]} 12. Nxc6 {[%clk 01:07:40]} {[%emt 00:08:12]} bxc6 {[%clk 01:13:43]}
{[%emt 00:00:08]} 13. Ba6 {[%clk 00:57:33]} {[%emt 00:10:38]} d3 {[%clk
00:55:29]} {[%emt 00:18:44]} 14. Bb7 {[%clk 00:53:42]} {[%emt 00:04:20]} Rb8
{[%clk 00:50:37]} {[%emt 00:05:22]} 15. Bxc6+ {[%clk 00:52:32]} {[%emt
00:01:41]} Kf8 {[%clk 00:50:49]} {[%emt 00:00:18]} 16. Rb1 {[%clk 00:49:52]}
{[%emt 00:03:10]} Bxh2+ {[%clk 00:45:43]} {[%emt 00:05:36]} 17. Kxh2 {[%clk
00:44:54]} {[%emt 00:05:27]} Qc7+ {[%clk 00:45:31]} {[%emt 00:00:42]} 18. g3
{[%clk 00:42:33]} {[%emt 00:02:53]} Qxc6 {[%clk 00:45:34]} {[%emt 00:00:26]}
19. Bxf6 {[%clk 00:42:29]} {[%emt 00:00:33]} gxf6 {[%clk 00:45:26]} {[%emt
00:00:37]} 20. Qxd3 {[%clk 00:42:36]} {[%emt 00:00:24]} Rb5 {[%clk 00:43:15]}
{[%emt 00:02:42]} 21. f3 {[%clk 00:37:02]} {[%emt 00:06:04]} Rh5+ {[%clk
00:40:29]} {[%emt 00:03:15]} 22. Kg2 {[%clk 00:36:28]} {[%emt 00:00:54]} Rg5
{[%clk 00:37:35]} {[%emt 00:03:34]} 23. Qd8+ {[%clk 00:33:11]} {[%emt
00:03:47]} Kg7 {[%clk 00:36:58]} {[%emt 00:01:07]} 24. Qd4 {[%clk 00:31:44]}
{[%emt 00:01:42]} a6 {[%clk 00:25:31]} {[%emt 00:12:13]} 25. Qe4 {[%clk
00:30:05]} {[%emt 00:01:59]} Qxe4 {[%clk 00:22:05]} {[%emt 00:04:06]} 26. fxe4
{[%clk 00:30:24]} {[%emt 00:00:11]} h5 {[%clk 00:22:21]} {[%emt 00:00:13]} 27.
Rh1 {[%clk 00:30:30]} {[%emt 00:00:23]} f5 {[%clk 00:21:26]} {[%emt 00:01:28]}
28. exf5 {[%clk 00:29:49]} {[%emt 00:01:10]} Rxf5 {[%clk 00:21:30]} {[%emt
00:00:25]} 29. Rbf1 {[%clk 00:29:11]} {[%emt 00:01:00]} Rxf1 {[%clk 00:20:09]}
{[%emt 00:02:00]} 30. Kxf1 {[%clk 00:29:31]} {[%emt 00:00:09]} f5 {[%clk
00:19:00]} {[%emt 00:01:39]} 31. Kf2 {[%clk 00:29:06]} {[%emt 00:00:55]} Kg6
{[%clk 00:19:19]} {[%emt 00:00:12]} 32. c4 {[%clk 00:29:18]} {[%emt 00:00:18]}
Rc8 {[%clk 00:19:20]} {[%emt 00:00:27]} 33. b3 {[%clk 00:29:13]} {[%emt
00:00:37]} a5 {[%clk 00:16:45]} {[%emt 00:03:05]} 34. Ke3 {[%clk 00:27:35]}
{[%emt 00:02:07]} e5 {[%clk 00:16:17]} {[%emt 00:00:59]} 35. Rd1 {[%clk
00:26:20]} {[%emt 00:01:43]} a4 {[%clk 00:14:00]} {[%emt 00:02:49]} 36. Rd6+
{[%clk 00:24:44]} {[%emt 00:01:57]} Kg5 {[%clk 00:14:06]} {[%emt 00:00:32]} 37.
Rd5 {[%clk 00:24:48]} {[%emt 00:00:26]} e4 {[%clk 00:14:07]} {[%emt 00:00:28]}
38. c5 {[%clk 00:24:18]} {[%emt 00:01:00]} axb3 {[%clk 00:13:47]} {[%emt
00:00:50]} 39. axb3 {[%clk 00:24:39]} {[%emt 00:00:09]} Rb8 {[%clk 00:13:33]}
{[%emt 00:00:43]} 40. c6 {[%clk 00:24:20]} {[%emt 00:00:49]} Rxb3+ {[%clk
00:10:48]} {[%emt 00:03:16]} 41. Ke2 {[%clk 00:24:38]} {[%emt 00:00:12]} Rb8
{[%clk 00:10:35]} {[%emt 00:00:41]} 42. c7 {[%clk 00:24:46]} {[%emt 00:00:24]}
Rc8 {[%clk 00:10:54]} {[%emt 00:00:10]} 43. Rd7 {[%clk 00:24:26]} {[%emt
00:00:50]} Kf6 {[%clk 00:11:01]} {[%emt 00:00:23]} 44. Rh7 {[%clk 00:24:02]}
{[%emt 00:00:54]} Ke5 {[%clk 00:09:08]} {[%emt 00:02:21]} 45. Ke3 {[%clk
00:23:56]} {[%emt 00:00:37]} Kf6 {[%clk 00:27:25]} {[%emt 00:12:15]} 46. Kd4
{[%clk 00:49:51]} {[%emt 00:04:34]} Re8 {[%clk 00:22:57]} {[%emt 00:04:59]} 47.
Rxh5 {[%clk 00:49:23]} {[%emt 00:00:57]} Kg6 {[%clk 00:21:56]} {[%emt
00:01:31]} 48. Rh1 {[%clk 00:48:48]} {[%emt 00:01:02]} e3 {[%clk 00:21:45]}
{[%emt 00:00:44]} 49. Rc1 {[%clk 00:48:16]} {[%emt 00:00:56]} e2 {[%clk
00:16:12]} {[%emt 00:06:10]} 50. Kd5 {[%clk 00:48:03]} {[%emt 00:00:43]} Kf7
{[%clk 00:08:43]} {[%emt 00:07:59]} 51. Kd6 {[%clk 00:45:24]} {[%emt 00:03:09]}
Re6+ {[%clk 00:07:42]} {[%emt 00:01:29]} 52. Kd7 {[%clk 00:44:18]} {[%emt
00:01:37]} Re7+ {[%clk 00:08:04]} {[%emt 00:00:08]} 53. Kd6 {[%clk 00:44:26]}
{[%emt 00:00:23]} Re6+ {[%clk 00:08:18]} {[%emt 00:00:15]} 54. Kd5 {[%clk
00:44:40]} {[%emt 00:00:16]} Re8 {[%clk 00:08:19]} {[%emt 00:00:30]} 55. Kc6
{[%clk 00:44:02]} {[%emt 00:01:08]} e1=Q {[%clk 00:08:09]} {[%emt 00:00:40]}
56. Rxe1 {[%clk 00:44:19]} {[%emt 00:00:12]} Rxe1 {[%clk 00:08:34]} {[%emt
00:00:05]} 57. c8=Q {[%clk 00:44:40]} {[%emt 00:00:10]} Rc1+ {[%clk 00:08:59]}
{[%emt 00:00:06]} 58. Kd7 {[%clk 00:44:53]} {[%emt 00:00:17]} Rxc8 {[%clk
00:09:21]} {[%emt 00:00:08]} 59. Kxc8 {[%clk 00:45:17]} {[%emt 00:00:06]} Ke6
{[%clk 00:06:32]} {[%emt 00:03:18]} 60. Kc7 {[%clk 00:45:17]} {[%emt 00:00:31]}
Ke5 {[%clk 00:06:42]} {[%emt 00:00:19]} 61. Kc6 {[%clk 00:44:49]} {[%emt
00:00:58]} Ke4 {[%clk 00:06:50]} {[%emt 00:00:21]} 62. Kd6 {[%clk 00:44:55]}
{[%emt 00:00:26]} Kf3 {[%clk 00:07:06]} {[%emt 00:00:14]} 63. Ke6 {[%clk
00:45:17]} {[%emt 00:00:07]} Kg4 {[%clk 00:07:28]} {[%emt 00:00:08]} 64. Ke5
{[%clk 00:45:27]} {[%emt 00:00:21]} Kg5 {[%clk 00:07:41]} {[%emt 00:00:15]} 65.
Kd4 {[%clk 00:45:25]} {[%emt 00:00:33]} Kg4 {[%clk 00:07:43]} {[%emt 00:00:27]}
66. Ke5 {[%clk 00:45:41]} {[%emt 00:00:15]} Kg5 {[%clk 00:08:03]} {[%emt
00:00:10]} 67. Kd4 {[%clk 00:45:57]} {[%emt 00:00:14]} Kg4 {[%clk 00:08:11]}
{[%emt 00:00:22]} 68. Ke5 {[%clk 00:46:22]} {[%emt 00:00:05]} Kg5 {[%clk
00:08:32]} {[%emt 00:00:09]} 69. Kd4 {[%clk 00:46:44]} {[%emt 00:00:09]} Kg4
{[%clk 00:08:57]} {[%emt 00:00:05]} 70. Ke5 {[%clk 00:47:09]} {[%emt 00:00:05]}
Kg5 {[%clk 00:09:22]} {[%emt 00:00:05]} 1/2-1/2

[Event "DEM U12w 2025"]
[Site "Willingen GER"]
[Date "2025.06.08"]
[Round "2"]
[White "Sobczak, Zuzanna"]
[Black "Schirmbeck, Lilian"]
[Result "0-1"]
[Termination "normal"]
[Board "1"]
[BlackTitle "WCM"]
[WhiteElo "1686"]
[BlackElo "1712"]
[WhiteClock "01:13:57"]
[BlackClock "00:17:17"]
[PlyCount "110"]
[WhiteFideId "34670050"]
[BlackFideId "34620532"]
[EventCountry "GER"]
[EventRounds "9"]
[EventType "swiss"]
[EventDate "2025.06.07"]

1. e4 {[%clk 01:30:58]} {[%emt 00:00:01]} e5 {[%clk 01:30:45]} {[%emt
00:00:16]} 2. Nf3 {[%clk 01:31:24]} {[%emt 00:00:04]} Nf6 {[%clk 01:31:09]}
{[%emt 00:00:06]} 3. Nc3 {[%clk 01:31:50]} {[%emt 00:00:04]} Bb4 {[%clk
01:31:33]} {[%emt 00:00:06]} 4. d3 {[%clk 01:31:52]} {[%emt 00:00:28]} O-O
{[%clk 01:30:36]} {[%emt 00:01:27]} 5. Be2 {[%clk 01:31:49]} {[%emt 00:00:32]}
d5 {[%clk 01:28:18]} {[%emt 00:02:48]} 6. exd5 {[%clk 01:29:09]} {[%emt
00:03:11]} Nxd5 {[%clk 01:27:27]} {[%emt 00:01:20]} 7. Bd2 {[%clk 01:29:35]}
{[%emt 00:00:05]} Nc6 {[%clk 01:21:08]} {[%emt 00:06:49]} 8. O-O {[%clk
01:28:55]} {[%emt 00:01:09]} Nxc3 {[%clk 01:20:28]} {[%emt 00:01:11]} 9. Bxc3
{[%clk 01:29:20]} {[%emt 00:00:05]} Bxc3 {[%clk 01:20:25]} {[%emt 00:00:33]}
10. bxc3 {[%emt 00:00:06]} Be6 {[%clk 01:18:38]} {[%emt 00:02:15]} 11. Qd2
{[%clk 01:28:12]} {[%emt 00:02:04]} f6 {[%clk 01:16:23]} {[%emt 00:02:45]} 12.
Rfd1 {[%clk 01:23:01]} {[%emt 00:05:40]} Qe7 {[%clk 01:13:22]} {[%emt
00:03:31]} 13. Qe3 {[%clk 01:20:50]} {[%emt 00:02:41]} Rfe8 {[%clk 01:06:01]}
{[%emt 00:07:51]} 14. d4 {[%clk 01:19:25]} {[%emt 00:01:55]} Qf7 {[%clk
01:01:57]} {[%emt 00:04:34]} 15. dxe5 {[%clk 01:15:30]} {[%emt 00:04:26]} Bxa2
{[%clk 00:57:46]} {[%emt 00:04:41]} 16. Qc5 {[%clk 01:15:08]} {[%emt 00:00:51]}
Be6 {[%clk 00:39:30]} {[%emt 00:18:47]} 17. exf6 {[%clk 01:14:29]} {[%emt
00:01:09]} gxf6 {[%clk 00:37:56]} {[%emt 00:02:03]} 18. Nd4 {[%clk 01:13:29]}
{[%emt 00:01:30]} Nxd4 {[%clk 00:35:18]} {[%emt 00:03:08]} 19. cxd4 {[%clk
01:13:17]} {[%emt 00:00:42]} b6 {[%clk 00:33:21]} {[%emt 00:02:28]} 20. Qc3
{[%clk 01:12:33]} {[%emt 00:01:13]} Bd5 {[%clk 00:32:31]} {[%emt 00:01:20]} 21.
Bf3 {[%clk 01:10:40]} {[%emt 00:02:20]} c6 {[%clk 00:31:31]} {[%emt 00:01:34]}
22. Re1 {[%clk 01:07:21]} {[%emt 00:03:49]} a5 {[%clk 00:25:06]} {[%emt
00:06:55]} 23. Bxd5 {[%clk 01:06:36]} {[%emt 00:01:15]} Qxd5 {[%clk 00:24:07]}
{[%emt 00:01:28]} 24. Qb3 {[%clk 01:06:51]} {[%emt 00:00:15]} Qxb3 {[%clk
00:23:12]} {[%emt 00:01:26]} 25. cxb3 {[%clk 01:07:15]} {[%emt 00:00:06]} Kf7
{[%clk 00:22:22]} {[%emt 00:01:19]} 26. f3 {[%clk 01:07:13]} {[%emt 00:00:32]}
Rxe1+ {[%clk 00:17:24]} {[%emt 00:05:29]} 27. Rxe1 {[%clk 01:07:38]} {[%emt
00:00:05]} Re8 {[%clk 00:15:57]} {[%emt 00:01:57]} 28. Rc1 {[%clk 01:02:25]}
{[%emt 00:05:42]} Re6 {[%clk 00:16:09]} {[%emt 00:00:18]} 29. Kf2 {[%clk
01:02:47]} {[%emt 00:00:08]} Ke7 {[%clk 00:15:29]} {[%emt 00:01:10]} 30. g4
{[%clk 01:01:02]} {[%emt 00:02:15]} Kd6 {[%clk 00:13:26]} {[%emt 00:02:34]} 31.
h4 {[%clk 00:58:40]} {[%emt 00:02:50]} h6 {[%clk 00:11:55]} {[%emt 00:02:02]}
32. Rc3 {[%clk 00:57:08]} {[%emt 00:02:02]} Kd5 {[%clk 00:11:20]} {[%emt
00:01:05]} 33. Rd3 {[%clk 00:48:44]} {[%emt 00:08:54]} b5 {[%clk 00:05:52]}
{[%emt 00:05:58]} 34. Rd2 {[%clk 00:44:08]} {[%emt 00:05:06]} c5 {[%clk
00:03:26]} {[%emt 00:02:56]} 35. dxc5+ {[%clk 00:44:26]} {[%emt 00:00:13]} Kxc5
{[%clk 00:03:53]} {[%emt 00:00:02]} 36. f4 {[%clk 00:43:12]} {[%emt 00:01:44]}
Kb4 {[%clk 00:01:33]} {[%emt 00:02:51]} 37. Rd3 {[%clk 00:43:34]} {[%emt
00:00:07]} a4 {[%clk 00:01:07]} {[%emt 00:00:56]} 38. bxa4 {[%clk 00:43:39]}
{[%emt 00:00:26]} bxa4 {[%clk 00:01:18]} {[%emt 00:00:19]} 39. Rd1 {[%clk
00:43:23]} {[%emt 00:00:45]} a3 {[%clk 00:01:15]} {[%emt 00:00:33]} 40. Kf3
{[%clk 00:43:38]} {[%emt 00:00:15]} Rc6 {[%clk 00:00:50]} {[%emt 00:00:54]} 41.
g5 {[%clk 00:43:42]} {[%emt 00:00:27]} f5 {[%clk 00:27:13]} {[%emt 00:04:07]}
42. Ke3 {[%clk 01:13:36]} {[%emt 00:00:35]} Re6+ {[%clk 00:26:58]} {[%emt
00:00:46]} 43. Kf3 {[%clk 01:12:55]} {[%emt 00:01:10]} h5 {[%clk 00:23:14]}
{[%emt 00:04:15]} 44. Rd8 {[%clk 01:12:54]} {[%emt 00:00:31]} Ra6 {[%clk
00:21:16]} {[%emt 00:02:28]} 45. Rb8+ {[%clk 01:11:15]} {[%emt 00:02:10]} Ka4
{[%clk 00:21:01]} {[%emt 00:00:44]} 46. Rb1 {[%emt 00:00:36]} a2 {[%clk
00:20:24]} {[%emt 00:01:06]} 47. Ra1 {[%clk 01:11:35]} {[%emt 00:00:04]} Kb3
{[%clk 00:20:37]} {[%emt 00:00:18]} 48. Ke3 {[%clk 01:12:01]} {[%emt 00:00:04]}
Kb2 {[%clk 00:15:37]} {[%emt 00:05:30]} 49. Rxa2+ {[%emt 00:00:39]} Kxa2 {[%clk
00:16:00]} {[%emt 00:00:07]} 50. Kd4 {[%clk 01:12:18]} {[%emt 00:00:04]} Re6
{[%clk 00:15:38]} {[%emt 00:00:52]} 51. Kd5 {[%clk 01:12:39]} {[%emt 00:00:10]}
Re4 {[%clk 00:15:52]} {[%emt 00:00:14]} 52. g6 {[%clk 01:12:52]} {[%emt
00:00:18]} Rxf4 {[%clk 00:16:12]} {[%emt 00:00:10]} 53. Ke5 {[%clk 01:13:17]}
{[%emt 00:00:05]} Rxh4 {[%clk 00:16:30]} {[%emt 00:00:12]} 54. Kxf5 {[%clk
01:13:41]} {[%emt 00:00:06]} Rg4 {[%clk 00:16:52]} {[%emt 00:00:08]} 55. Kf6
{[%clk 01:13:57]} {[%emt 00:00:13]} h4 {[%clk 00:17:17]} {[%emt 00:00:05]} 0-1

[Event "DEM U12w 2025"]
[Site "Willingen GER"]
[Date "2025.06.08"]
[Round "2"]
[White "Heidtkamp, Anna"]
[Black "Chen, Yuefan"]
[Result "1/2-1/2"]
[Termination "normal"]
[Board "3"]
[WhiteElo "1555"]
[BlackElo "1754"]
[WhiteClock "00:35:33"]
[BlackClock "00:28:32"]
[PlyCount "50"]
[WhiteFideId "16269012"]
[BlackFideId "34653910"]
[EventCountry "GER"]
[EventRounds "9"]
[EventType "swiss"]
[EventDate "2025.06.07"]

1. c4 {[%clk 01:30:59]} e5 {[%clk 01:29:54]} {[%emt 00:01:06]} 2. d3 {[%clk
01:31:21]} {[%emt 00:00:08]} c6 {[%clk 01:27:48]} {[%emt 00:02:36]} 3. Nf3
{[%clk 01:31:44]} {[%emt 00:00:07]} d6 {[%clk 01:28:11]} {[%emt 00:00:08]} 4.
g3 {[%clk 01:31:31]} {[%emt 00:00:43]} Be7 {[%clk 01:25:16]} {[%emt 00:03:25]}
5. Bg2 {[%clk 01:31:42]} {[%emt 00:00:18]} Nf6 {[%clk 01:25:22]} {[%emt
00:00:24]} 6. O-O {[%clk 01:31:34]} {[%emt 00:00:38]} O-O {[%clk 01:25:31]}
{[%emt 00:00:22]} 7. Nbd2 {[%clk 01:31:12]} {[%emt 00:00:52]} h6 {[%clk
01:24:28]} {[%emt 00:01:33]} 8. b3 {[%clk 01:27:33]} {[%emt 00:04:08]} Be6
{[%clk 01:22:31]} {[%emt 00:02:27]} 9. Bb2 {[%clk 01:25:57]} {[%emt 00:02:06]}
Qd7 {[%clk 01:20:29]} {[%emt 00:02:32]} 10. a3 {[%clk 01:18:13]} {[%emt
00:08:15]} Bh3 {[%clk 01:18:13]} {[%emt 00:02:46]} 11. b4 {[%clk 01:12:42]}
{[%emt 00:06:01]} Bxg2 {[%clk 01:16:30]} {[%emt 00:02:12]} 12. Kxg2 {[%clk
01:13:06]} {[%emt 00:00:06]} a5 {[%clk 01:12:50]} {[%emt 00:04:10]} 13. Qa4
{[%clk 01:05:17]} {[%emt 00:08:19]} b5 {[%clk 01:10:12]} {[%emt 00:03:08]} 14.
Qb3 {[%clk 01:03:16]} {[%emt 00:02:30]} Qb7 {[%clk 01:04:23]} {[%emt 00:06:19]}
15. Bc3 {[%clk 00:57:32]} {[%emt 00:06:14]} a4 {[%clk 01:03:30]} {[%emt
00:01:24]} 16. Qa2 {[%clk 00:53:44]} {[%emt 00:04:18]} Nbd7 {[%clk 00:58:44]}
{[%emt 00:05:17]} 17. Rab1 {[%clk 00:49:59]} {[%emt 00:04:14]} Rac8 {[%clk
00:55:21]} {[%emt 00:03:53]} 18. Rfc1 {[%clk 00:49:02]} {[%emt 00:01:26]} Qa7
{[%clk 00:47:16]} {[%emt 00:08:35]} 19. e3 {[%clk 00:45:58]} {[%emt 00:03:34]}
Qb7 {[%clk 00:44:10]} {[%emt 00:03:37]} 20. Qa1 {[%clk 00:40:19]} {[%emt
00:06:08]} Rfd8 {[%clk 00:34:48]} {[%emt 00:09:52]} 21. Bb2 {[%clk 00:37:13]}
{[%emt 00:03:36]} Qa8 {[%clk 00:32:21]} {[%emt 00:02:58]} 22. Bc3 {[%clk
00:36:15]} {[%emt 00:01:28]} Qb7 {[%clk 00:28:54]} {[%emt 00:03:56]} 23. Bb2
{[%clk 00:35:28]} {[%emt 00:01:18]} Qa8 {[%clk 00:28:35]} {[%emt 00:00:49]} 24.
Bc3 {[%clk 00:35:32]} {[%emt 00:00:26]} Qb7 {[%clk 00:28:29]} {[%emt 00:00:36]}
25. Bb2 {[%clk 00:35:33]} {[%emt 00:00:29]} Qa8 {[%clk 00:28:32]} {[%emt
00:00:27]} 1/2-1/2

[Event "DEM U12w 2025"]
[Site "Willingen GER"]
[Date "2025.06.08"]
[Round "2"]
[White "Nönnig, Lotte"]
[Black "Artemenko, Isabella"]
[Result "0-1"]
[Termination "normal"]
[Board "4"]
[WhiteElo "1735"]
[BlackElo "1652"]
[WhiteClock "00:24:21"]
[BlackClock "00:42:59"]
[PlyCount "100"]
[WhiteFideId "34611509"]
[BlackFideId "34639616"]
[EventCountry "GER"]
[EventRounds "9"]
[EventType "swiss"]
[EventDate "2025.06.07"]

1. e4 {[%clk 01:30:57]} {[%emt 00:00:02]} e5 {[%clk 01:30:53]} {[%emt
00:00:08]} 2. Nf3 {[%clk 01:31:18]} {[%emt 00:00:08]} Nc6 {[%clk 01:31:17]}
{[%emt 00:00:06]} 3. Bb5 {[%clk 01:31:37]} {[%emt 00:00:11]} Nf6 {[%clk
01:31:39]} {[%emt 00:00:07]} 4. O-O {[%clk 01:31:46]} {[%emt 00:00:22]} Nxe4
{[%clk 01:31:54]} {[%emt 00:00:16]} 5. Re1 {[%clk 01:30:43]} {[%emt 00:01:32]}
Nd6 {[%clk 01:32:09]} {[%emt 00:00:16]} 6. Bxc6 {[%clk 01:29:57]} {[%emt
00:01:16]} dxc6 {[%clk 01:32:33]} {[%emt 00:00:06]} 7. Nxe5 {[%clk 01:28:53]}
{[%emt 00:01:33]} Be7 {[%clk 01:32:48]} {[%emt 00:00:15]} 8. d4 {[%clk
01:26:56]} {[%emt 00:02:28]} O-O {[%clk 01:33:10]} {[%emt 00:00:07]} 9. Bf4
{[%clk 01:24:21]} {[%emt 00:03:05]} Nf5 {[%clk 01:32:15]} {[%emt 00:01:25]} 10.
c3 {[%clk 01:23:33]} {[%emt 00:01:18]} Be6 {[%clk 01:32:00]} {[%emt 00:00:45]}
11. Nd2 {[%clk 01:22:35]} {[%emt 00:01:25]} c5 {[%clk 01:27:04]} {[%emt
00:05:30]} 12. Ndf3 {[%clk 01:19:18]} {[%emt 00:03:45]} cxd4 {[%clk 01:26:15]}
{[%emt 00:01:21]} 13. cxd4 {[%clk 01:18:32]} {[%emt 00:01:16]} Qd5 {[%clk
01:18:37]} {[%emt 00:08:07]} 14. Qd2 {[%clk 01:14:01]} {[%emt 00:05:01]} Rad8
{[%clk 01:14:52]} {[%emt 00:04:15]} 15. Be3 {[%clk 01:08:54]} {[%emt 00:05:36]}
Bf6 {[%clk 01:06:24]} {[%emt 00:09:00]} 16. Qc3 {[%clk 01:03:06]} {[%emt
00:06:16]} Qd6 {[%clk 00:50:05]} {[%emt 00:16:50]} 17. b3 {[%clk 00:58:31]}
{[%emt 00:05:05]} Rfe8 {[%clk 00:43:07]} {[%emt 00:07:28]} 18. Rad1 {[%clk
00:56:09]} {[%emt 00:02:50]} Ne7 {[%clk 00:35:51]} {[%emt 00:07:48]} 19. Nc4
{[%clk 00:43:01]} {[%emt 00:13:37]} Qc6 {[%clk 00:31:55]} {[%emt 00:04:26]} 20.
Bg5 {[%clk 00:37:22]} {[%emt 00:06:07]} b5 {[%clk 00:24:27]} {[%emt 00:08:00]}
21. Bxf6 {[%clk 00:34:34]} {[%emt 00:03:18]} gxf6 {[%clk 00:24:53]} {[%emt
00:00:04]} 22. Nfe5 {[%clk 00:25:15]} {[%emt 00:09:48]} fxe5 {[%clk 00:25:12]}
{[%emt 00:00:13]} 23. Qg3+ {[%clk 00:25:16]} {[%emt 00:00:22]} Ng6 {[%clk
00:25:33]} {[%emt 00:00:15]} 24. Nxe5 {[%clk 00:24:55]} {[%emt 00:00:51]} Qd6
{[%clk 00:25:14]} {[%emt 00:00:50]} 25. Qg5 {[%clk 00:22:33]} {[%emt 00:02:37]}
Qe7 {[%clk 00:18:29]} {[%emt 00:07:30]} 26. Qd2 {[%clk 00:16:56]} {[%emt
00:06:05]} Rd6 {[%clk 00:16:24]} {[%emt 00:02:36]} 27. f4 {[%clk 00:12:40]}
{[%emt 00:04:46]} f5 {[%clk 00:10:58]} {[%emt 00:05:56]} 28. Qf2 {[%clk
00:10:57]} {[%emt 00:02:10]} Qh4 {[%clk 00:08:40]} {[%emt 00:02:50]} 29. Nxg6
{[%clk 00:09:53]} {[%emt 00:01:35]} Qxf2+ {[%clk 00:09:05]} {[%emt 00:00:05]}
30. Kxf2 {[%clk 00:10:17]} {[%emt 00:00:05]} hxg6 {[%clk 00:09:30]} {[%emt
00:00:06]} 31. Re5 {[%clk 00:09:41]} {[%emt 00:01:04]} Bd7 {[%clk 00:08:43]}
{[%emt 00:01:19]} 32. Rc5 {[%clk 00:08:33]} {[%emt 00:01:38]} c6 {[%clk
00:08:48]} {[%emt 00:00:25]} 33. Rd3 {[%clk 00:07:59]} {[%emt 00:01:03]} Re4
{[%clk 00:08:50]} {[%emt 00:00:28]} 34. g3 {[%clk 00:05:54]} {[%emt 00:02:37]}
Rexd4 {[%clk 00:09:00]} {[%emt 00:00:19]} 35. Re3 {[%clk 00:05:10]} {[%emt
00:01:13]} Kf7 {[%clk 00:09:10]} {[%emt 00:00:22]} 36. Rce5 {[%clk 00:04:17]}
{[%emt 00:01:22]} Re6 {[%clk 00:09:25]} {[%emt 00:00:16]} 37. Ke2 {[%clk
00:03:13]} {[%emt 00:01:33]} Rxe5 {[%clk 00:09:37]} {[%emt 00:00:18]} 38. Rxe5
{[%clk 00:03:29]} {[%emt 00:00:14]} Re4+ {[%clk 00:09:56]} {[%emt 00:00:11]}
39. Rxe4 {[%clk 00:03:28]} {[%emt 00:00:31]} fxe4 {[%clk 00:10:22]} {[%emt
00:00:05]} 40. Ke3 {[%clk 00:03:47]} {[%emt 00:00:10]} Bf5 {[%clk 00:10:48]}
{[%emt 00:00:04]} 41. h3 {[%clk 00:03:20]} {[%emt 00:00:56]} Bxh3 {[%clk
00:11:09]} {[%emt 00:00:09]} 42. Kxe4 {[%clk 00:03:45]} {[%emt 00:00:05]} Ke6
{[%clk 00:11:30]} {[%emt 00:00:10]} 43. b4 {[%clk 00:03:46]} {[%emt 00:00:29]}
Bg2+ {[%clk 00:11:50]} {[%emt 00:00:09]} 44. Ke3 {[%clk 00:03:06]} {[%emt
00:01:10]} Kd5 {[%clk 00:11:48]} {[%emt 00:00:33]} 45. g4 {[%clk 00:02:01]}
{[%emt 00:01:34]} Be4 {[%clk 00:12:11]} {[%emt 00:00:07]} 46. a3 {[%clk
00:30:08]} {[%emt 00:02:24]} Bb1 {[%clk 00:42:33]} {[%emt 00:00:08]} 47. Kd2
{[%clk 00:27:25]} {[%emt 00:03:12]} Ke4 {[%clk 00:42:45]} {[%emt 00:00:19]} 48.
Kc1 {[%clk 00:26:03]} {[%emt 00:01:51]} Ba2 {[%clk 00:42:44]} {[%emt 00:00:32]}
49. Kb2 {[%clk 00:25:22]} {[%emt 00:01:11]} Bd5 {[%clk 00:42:32]} {[%emt
00:00:42]} 50. Kc3 {[%clk 00:24:21]} {[%emt 00:01:30]} Kxf4 {[%clk 00:42:59]}
{[%emt 00:00:04]} 0-1